| 000 | 00713cam a22002411 4500 | ||
|---|---|---|---|
| 001 | sa 67006880 | ||
| 003 | DLC | ||
| 005 | 20260227112411.0 | ||
| 008 | 800105s1967 ii 000 0 eng | ||
| 010 | _asa 67006880 | ||
| 025 | _aPL480:I-E-8802 | ||
| 035 | _a(OCoLC)5845635 | ||
| 040 |
_aDLC _cNBuU _dDLC |
||
| 050 | 0 | 0 |
_aHD6812 _b.S9 |
| 082 | _a331.1/9/54 | ||
| 100 | 1 |
_aSubramanian, Kavasseri Narayana, _d1909- |
|
| 245 | 1 | 0 |
_aLabour-management relations in India _c[by] K. N. Subramanian. |
| 260 |
_aBombay, _aNew York, _bAsia Pub. House _c[1967] |
||
| 300 |
_axxi, 658 p. _c24 cm. |
||
| 650 | 0 |
_aLabor unions _zIndia. |
|
| 650 | 0 |
_aIndustrial relations _zIndia. |
|
| 650 | 0 |
_aCollective bargaining _zIndia. |
|
| 999 |
_c76215 _d76215 |
||